000
00458nam a2200181Ia 4500
008
100917s9999 xx 000 0 und d
082
_b
52422
100
_a
कुरळे शाम
245
_a
पायवाट
260
_b
सीता प्रकाशन
_c
1979
300
_a
80
365
_b
7
520
_a
कविता
630
_a
पायवाट
650
_a
कविता
730
_a
पायवाट
942
_c
BOOK
999
_c
657816
_d
657813